000 00404nam a22001697a 4500
005 20180518111132.0
008 160521b xxu||||| |||| 00| 0 eng d
020 _a81-8054-739-6
041 _aeng
082 _b3834
_a519.5
100 _aS.P. Gupta
_94294
245 _aStatistical Methods
260 _aNew Delhi
_bSultan Chand & Sons,
300 _a1408
650 _aManagement
_9241
942 _cBK
999 _c1328
_d1328